| 000 | 00365 a2200157 4500 | ||
|---|---|---|---|
| 001 | 74247 | ||
| 020 | _a978-85-7888-239-6 | ||
| 040 | _cAnchieta - Colégio São Paulo | ||
| 100 | _aTomaz, Aline Fávaro | ||
| 240 | 1 | 0 |
_aA bailarina especial _lpor |
| 245 | 1 | 0 | _aA bailarina especial |
| 300 | _a47 | ||
| 362 | 0 | _a2012 | |
| 650 | 4 | _aLiteratura infantil | |
| 942 | _cBK | ||
| 999 |
_c74247 _d74247 |
||